Wohnberiche wohn quartiere housing groups (Record no. 32361)

MARC details
000 -LEADER
fixed length control field 00278nam a2200109Ia 4500
082 ## - DEWEY DECIMAL CLASSIFICATION NUMBER
Classification number 721
Item number DEI
100 ## - MAIN ENTRY--AUTHOR NAME
Personal name H
245 #0 - TITLE STATEMENT
Title Wohnberiche wohn quartiere housing groups
260 ## - PUBLICATION, DISTRIBUTION, ETC. (IMPRINT)
Place of publication Germany
Name of publisher Karl Kramer Verlag
Year of publication 1977
942 ## - ADDED ENTRY ELEMENTS (KOHA)
Koha item type Books
Holdings
Withdrawn status Lost status Damaged status Not for loan Home library Current library Date acquired Cost, normal purchase price Full call number Accession Number Koha item type
        RRII Library RRII Library 16/12/2021 24.50 721 DEI 12880 Books